| 000 | 00674nam a22002057a 4500 | ||
|---|---|---|---|
| 999 |
_c12847 _d12847 |
||
| 003 | AR-CdUCM | ||
| 008 | 190402b ||||| |||| 00| 0 spa d | ||
| 040 |
_aMUNICIPALIDAD PROVINCIAL DEL CUSCO _cBIBLIOTECA MUNICIPAL DEL CUSCO |
||
| 082 |
_aEP / 372.813 / _bC95 |
||
| 110 |
_aEditorial Molino _930882 |
||
| 245 | _aCuentos de Hadas Ingleses / | ||
| 260 |
_aBarcelona : _bEditorial Molino ; _c1958. |
||
| 300 |
_a104 paginas ; _bIlustraciones, _c28 cm. |
||
| 505 | _aContenidos :Cuentos infantiles | ||
| 650 |
_aEducación primaria _91561 |
||
| 650 |
_aCuentos _9217 |
||
| 700 |
_aNadal, Alfonso (traducción) _930930 |
||
| 942 |
_2ddc _cLIBROS |
||
| 945 |
_anom _d2019-04-10 |
||